Primeros escritos: 1921-1926

Uloženo v:
Podrobná bibliografie
Hlavní autor: Zubiri, Xavier (Autor)
Médium: Kniha
Jazyk:španělština
Vydáno: Madrid Alianza 1995
Témata:
Tagy: Přidat tag
Žádné tagy, Buďte první, kdo vytvoří štítek k tomuto záznamu!

MARC

LEADER 00000cam a2200000 a 4500
001 UCG7577
003 CL-VaPUC
008 110812e19950000SP |||||||||||||||||spa|d
020 |a 8420690597 
082 0 4 |a 102  |b ZUB  |2 21 
100 0 |a Zubiri, Xavier  |e author  |9 216 
245 1 0 |a Primeros escritos: 1921-1926 
300 |a 468 p 
942 |c BK 
945 |d 20110812 00:00:00  |a dcastane 
260 |a Madrid  |b Alianza  |c 1995 
650 0 |a Filosofía   |9 223554 
650 0 |a Positivismo  |9 269460 
650 0 |a Fenomenología  |9 256519 
650 0 |a Metafísica  |9 265649 
583 |a last modification  |c 20150730 11:54:13  |k Rodrigo Vera 
999 |c 345442  |d 345440 
952 |0 0  |1 0  |4 0  |6 102_000000000000000_ZUB_1995  |7 0  |8 A  |9 444165  |a BIBTEO  |b BIBTEO  |d 2019-11-22  |i 4789180  |o 102 ZUB 1995  |p 4789180  |r 2025-01-17  |w 2019-11-22  |y BK  |k ICR 
952 |0 0  |1 0  |3 erb  |4 0  |6 102_000000000000000_ZUB_1995  |7 0  |8 A  |9 444166  |a BIBEDU  |b BIBEDU  |i 5192552  |l 2  |m 4  |o 102 ZUB 1995  |p 5192552  |r 2023-12-06  |s 2023-10-31  |w 2019-11-22  |y BK  |z Catalogado en:20150731  |k FIL